Joueurs passés par l'OM et l'OL - Statistiques

Statistiques générales
  • Ce quiz a été pris 37 fois
    15 depuis la dernière actualisation
  • Le résultat moyen est 13 sur 36
Statistiques - réponses
Joueur Poste Marseille Lyon % Correct
Duje Caleta-Car DEF 2018-2022 2024-
86%
Mathieu Valbuena MIL 2006-2014 2015-2017
86%
Jérémy Morel DEF 2011-2015 2015-2019
79%
Amine Gouiri ATT 2024- 2017-20182019-2020
71%
Hatem Ben Arfa MIL 2008-2011 2004-2008
71%
Bafétimbi Gomis ATT 2016-2017 2009-2014
64%
Henri Bedimo DEF 2016-2018 2013-2016
64%
Sonny Anderson ATT 1993-1994 1999-2003
57%
Benoît Pedretti MIL 2004-2005 2005-2006
50%
Jordan Veretout MIL 2022-2024 2024-2025
50%
Nicolas Nkoulou DEF 2011-2016 2016-2017
50%
Péguy Luyindula ATT 2004-2006 2002-2004
50%
Clinton N'Jie ATT 2016-2019 2012-2015
43%
Loïc Rémy ATT 2010-2013 2006-2008
43%
Sylvain Wiltord ATT 2008-2009 2004-2007
43%
Abedi Pelé ATT 1987-19891990-1993 1993-1994
36%
Alou Diarra MIL 2011-2012 2006-2007
36%
Emerson DEF 2025- 2021-2022
36%
Daniel Bravo MIL 1998-1999 1997-1998
29%
Florian Maurice ATT 1998-2002 1991-1997
29%
Pascal Olmeta GB 1990-1993 1993-1996
29%
Steve Marlet ATT 2003-2005 2000-2001
29%
Serge Blanc DEF 1997-1999 1999-2001
21%
Daniel Xuereb ATT 1991-1992 1977-1981
14%
Eric Roy MIL 1996-1999 1993-1996
14%
Jean Djorkaeff DEF 1966-1970 1958-1966
14%
Jean Tigana MIL 1989-1991 1978-1981
14%
Albert Emon ATT 1968-1977 1981-1983
7%
Ali Bouafia MIL 1987-1988 1988-1992
7%
Bruno Ngotty DEF 2000-2002 1988-1995
7%
François Lemasson GB 1997-1999 1987-1990
7%
Jean-François Domergue DEF 1986-1988 1982-1983
7%
Manuel Amoros DEF 1989-1993 1993-1995
7%
Reynald Pedros MIL 1995-1996 1997-1998
7%
Erik Kuld Jensen ATT 1956-1958 1953-1955
0%
Laurent Fournier MIL 1990-1991 1980-1988
0%
Aucun quiz correspondant
Distribution des résultats
% des personnes avec chaque résultat
Percentile par nombre de réponses
Votre historique - résultats
Vous n’avez pas pris ce quiz depuis la dernière actualisation